000 00286nam a22001337a 4500
008 171016b xxu||||| |||| 00| 0 eng d
020 _a9780131039957
041 _aeng
080 _a33
100 _a52
101 _aECO
245 _aMODERN ECONOMICS
_cHOGERSON.J
942 _2udc
_cBK
999 _c34012
_d34012